LDR 00498nam a2200169 i 4500 001 000000104060 003 CaOOAMICUS 005 20260331155334.0 008 011026s1970 it u000 u mul u 040 $aSeMil$bita 245 10$a1: A-L. 300 $aXXII, 759 p. 773 0 $tItaliano-Inglese.$g[Tomo 1.]$w()1423 850 $aSeMil 852 $aSeMil$W1$xVenegono$y1$m1P VI 24/1$j269463$B60505$CSeMilBibl$Z2$F44968 $81 996 $6245$a1: A-L$9(OLS)http://semarc/title/83312